000 00233nam a2200097Ia 4500
001 1253370
005 20251031150952.0
008 251031s9999 xx 000 0 und d
245 0 _cMETE YARAR
_aY-4 MESİH
260 _bDESTEK YAYINLARI
999 _c1253370
_d1253370